Supreme Court Civil Appeal No. 5 of 2002 Jane Bwiriza Vs John Nathan Osapil (Record no. 2403)
[ view plain ]
| 000 -LEADER | |
|---|---|
| fixed length control field | 00488nam a22001097a 4500 |
| 008 - FIXED-LENGTH DATA ELEMENTS--GENERAL INFORMATION | |
| fixed length control field | 110607t xxu||||| |||| 00| 0 eng d |
| 010 ## - LIBRARY OF CONGRESS CONTROL NUMBER | |
| LC control number | SCCAF8b |
| 245 ## - TITLE STATEMENT | |
| Title | Supreme Court Civil Appeal No. 5 of 2002 Jane Bwiriza Vs John Nathan Osapil |
| 260 ## - PUBLICATION, DISTRIBUTION, ETC. (IMPRINT) | |
| Date of publication, distribution, etc | 2002 |
| 500 ## - GENERAL NOTE | |
| General note | Coram: Odoki CJ, Oder JSC, Tsekooko JSc. KarokoraJSC and Mulenga JSC |
| 500 ## - GENERAL NOTE | |
| General note | Appeal from the judgment of the Court of Appeal at Kampala ( Okello, Berko and Twinomujuni JJCA) dated 3 oct2000 in Civil Appeal No. 51 0f 1999 |
| Withdrawn status | Lost status | Source of classification or shelving scheme | Damaged status | Koha normalized classification for sorting | Not for loan | Location (home branch) | Sublocation or collection (holding branch) | Shelving location | Date acquired | Koha issues (times borrowed) | Koha full call number | Piece designation (barcode) | Koha date last seen | Price effective from | Koha item type |
|---|---|---|---|---|---|---|---|---|---|---|---|---|---|---|---|
| Dewey Decimal Classification | SCCAF_8B | Law Development Centre Main Library | Law Development Centre Main Library | Law Reports | 06/07/2011 | SCCAF-8b | 5/2002 | 06/07/2011 | 06/07/2011 | Un Reported Cases | |||||
| Dewey Decimal Classification | SCCAF_8B | Law Development Centre Main Library | Law Development Centre Main Library | Law Reports | 06/07/2011 | SCCAF-8b | 5/2003 | 06/07/2011 | 06/07/2011 | Un Reported Cases | |||||
| Dewey Decimal Classification | SCCAF_8B | Law Development Centre Main Library | Law Development Centre Main Library | Law Reports | 07/10/2019 | SCCAF:8B | 497/2019 | 07/10/2019 | 07/10/2019 | Un Reported Cases | |||||
| Dewey Decimal Classification | SCCAF_8B | Law Development Centre Main Library | Law Development Centre Main Library | Law Reports | 07/10/2019 | SCCAF:8B | 498/2019 | 07/10/2019 | 07/10/2019 | Un Reported Cases |
